Missing Word: Columbia Pictures Quiz Stats

 Plays Quiz Updated Jul 14, 2017

Support Sporcle.
Go Orange.
Score 0/20 Timer 04:00
0 Plays Today
Movie Missing Word % Correct
_____ Hawk DownBlack
95.9%
The Girl with the _____ TattooDragon
95.6%
Close _____ of the Third KindEncounters
94.4%
The Taming of the _____Shrew
93.1%
The Pursuit of _____Happyness
93.1%
A Knight's _____Tale
87.3%
_____ Dark ThirtyZero
87.2%
_____ FamousAlmost
85.7%
_____ Angels: Full ThrottleCharlie's
84.9%
The _____ NetworkSocial
83.5%
Movie Missing Word % Correct
The Fifth _____Element
81.6%
A _____ to IndiaPassage
80.1%
Paul _____: Mall Cop 2Blart
78.2%
Girl, _____Interrupted
76.3%
_____ with the KranksChristmas
75.5%
You Don't Mess with the _____Zohan
65.4%
Hotel _____ 2Transylvania
57.7%
_____: The ProfessionalLéon
55.7%
_____: Dead and Loving ItDracula
34.2%
Terminator _____Salvation
31.9%

Today's Daily Dose

Missing Word
AMC Shows

Word Ladder
Makeup

Get the Picture
Guitarists

You're not logged in!

Compare scores with friends on all Sporcle quizzes.
OR
Log In
Forgot?

From the Vault

Hidden Neighbors of New Mexico

by smac17

We're not entirely sure why they're hiding from New Mexico, but we got a quiz out of it.
Remove Ads.
Support Sporcle.
Get the best of Sporcle when you Go Orange. This ad-free experience offers more features, more stats, and more fun while also helping to support Sporcle. Thank you for becoming a member.

Show Comments

Extras

Top Quizzes Today


Score Distribution

Your Account Isn't Verified!

In order to create a playlist on Sporcle, you need to verify the email address you used during registration. Go to your Sporcle Settings to finish the process.

Report this User

Report this user for behavior that violates our Community Guidelines.

Details: